00400 2200157 4500001002100000005001500021035002000036245005400056100001700110300002800127260003100155082000800186084001400194020002200208990001200230INLIS00000000000304920250919074635 a0010-09250003961 aKompeten Bahasa Indonesia Kelas X /cTim Edukatif0 aTim Edukatif a339 hlm ;c17,5 x 25 cm aJakarta :bErlangga,c2021 a400 a400 TIM k a978-623-266-593-4 a0755586